000 00658nam a2200205 i 4500
001 36867
003 ES-MaACL
005 20251013211834.0
007 t|
008 030219s1929 fr ||||1| fre d
100 1 _aBray, René.
_931524
245 1 4 _aLes fables de La Fontaine
_b: avec un index de tous les noms cités /
_cRené Bray.
260 _aParis :
_bE. Malfère,
_c1929 (
_fF. Paillart)
300 _a174 p. ;
_c19 cm.
490 1 _aLes grands événements littéraires
600 1 4 _aLa Fontaine, Jean de,
_d1621-1695
_969147
830 0 _aLes grands événements littéraires
_9180814
852 _aES-MaACL
_jA-3154
999 _c36867
_d36867